000 00245nam a2200097Ia 4500
001 1066040
005 20250827001745.0
008 250824s9999 xx 000 0 und d
245 0 _aİMLA KILAVUZU
_cANONİM
260 _bTÜRK DİL KURUMU YAYINLARI
999 _c1066040
_d1066040